| 000 | 00627nam a2200193 i 4500 | ||
|---|---|---|---|
| 001 | 187452 | ||
| 003 | ES-MaACL | ||
| 005 | 20230906222929.0 | ||
| 008 | 170705s1988 sp |||| | spa d | ||
| 020 | _a84-86734-14-2 | ||
| 100 | 1 |
_aGarcés Toledano, A. _9163359 |
|
| 245 | 1 | 0 |
_aCalcitoninas y patología ósea: revisión / _cA. Garcés Toledano. |
| 260 |
_aÁlcala de Henares : _bJarpyo, _c1988. |
||
| 300 |
_a127 p. ; _c24 cm. |
||
| 504 | _aBibliografía: p. 101-127. | ||
| 594 | _aEn contracub.: CREO. Centro Rorer para el Estudio de la Osteoporosis. | ||
| 650 | 4 |
_aCalcitonina. _9163362 |
|
| 852 |
_aES-MaACL _jL-31779 |
||
| 999 |
_c187452 _d187452 |
||